000 01186cam a22003857a 4500
003 CHAP
005 20220817043925.0
008 040129d2002 it a rn 00110 eng d
010 _a88013
011 _a88985
020 _a9251046999
035 _a99534
040 _cCHAP
082 0 4 _a639.2
_bF3 v.425
110 2 _aFAO
245 1 2 _aSample-based fishery surveys :
_ba technical handbook
_c/ed. by Constantine Stamatopoulos
260 _aRome :
_bFAO,
_c2002.
300 _a132 p. :
_bilus.
410 _aFAO
490 0 _aDocumento técnico de pesca
_v; 425
590 _aBATCH-UPD
_b10
_c20130110
_lUCH01
_h0414
590 _aBATCH-UPD
_b10
_c20130110
_lUCH01
_h2032
590 _aBATCH-UPD
_b10
_c20130410
_lUCH01
_h0048
590 _aBATCH-UPD
_b10
_c20130914
_lUCH01
_h1215
590 _aCONVERSION
_b10
_c20130109
_lUCH01
_h1349
650 1 4 _aPesca.
650 1 4 _aPesca
_xAdministración.
_987353
700 0 0 _aStamatopoulos, Constantine.
_9109421
810 0 _aFAO
830 0 0 _aDocumento técnico de pesca
_v; 425
_933242
901 _aBK
905 _aMayto Villalobos S.
942 _cLIBRO
949 _a639.2 F3 v.425
_bBC
_cFAO
_d33724000913430
_eFAO1
_h104234
_i99534
_sb
999 _c88013
_d88013